| 000 | 02059nam2a2200301 4500 | ||
|---|---|---|---|
| 001 | rc\2961492 | ||
| 005 | 20260315061059.0 | ||
| 035 | _a(NLR Aleph) 007108145 | ||
| 090 |
_a13605280 _c13605280 |
||
| 100 | _a20110902d1937 u y0rusy50 ca | ||
| 101 | 0 | _arus | |
| 102 | _aRU | ||
| 105 | _aa z ||||| | ||
| 200 | 1 |
_aБрюшная полость и ее органы. Спинной мозг. Позвоночник. таз. Мочеполовая система _fЭ.Р. Гессе, С.С. Гирголав, В.С. Левит, В.А. Шаак |
|
| 210 | _d1937 | ||
| 215 |
_aПер., XVI, 835 с., 1 вкл. л. крас. ил. _cил., крас. ил. _d23х15 см |
||
| 300 | _aЭкз. на ш. 37-18/78(2) - деф. Отсутствуют с. V-XII | ||
| 320 | _aБиблиогр.: "Литература" в конце каждой главы | ||
| 461 | 0 |
_1001rc\2961490 _12001#$aЧастная хирургия$eРуководство для студентов и врачей$eВ 3 томах. Т. I-$fСост.: проф. Л.А. Андреев ..., доц. Л.С. Беккерман ..., доц. Н.И. Блинов ... [и др.]$gПод ред. проф. Э.Р. Гессе, С.С. Гирголава, В.С. Левита и В.А. Шаак$vТ. 2 _96739985 _cМосква _d1937-1938 _fСост.: проф. Л.А. Андреев ..., доц. Л.С. Беккерман ..., доц. Н.И. Блинов ... [и др.] _nБиомедгиз _oРуководство для студентов и врачей : В 3 томах. Т. I- _tЧастная хирургия _vТ. 2 |
|
| 700 | 1 |
_aГессе _bЭ.Р. _gЭрих Робертович |
|
| 701 | 1 |
_4340 _7ca _8rus _aГирголав _bС. С. _f1881-1957 _gСемён Семёнович _9227271 _3RU\NLR\AUTH\770227327 |
|
| 701 | 1 |
_aЛевит _bВ.С. _f1883-1961 _gВладимир Семенович |
|
| 701 | 1 |
_aШаак _bВ.А. _f1880-1957 _gВильгельм Адольфович |
|
| 801 | 0 |
_aRU _bNLR _gpsbo |
|
| 801 | 1 |
_aRU _bELAR _2rusmarc |
|
| 852 |
_aNLR _j37-18/78(2) |
||
| 942 | _cUNSPEC | ||
| 980 | _aNB | ||